| 000 | 00538nam a2200193Ia 4500 | ||
|---|---|---|---|
| 001 | 12384 | ||
| 003 | GE_BSU | ||
| 008 | 181216s||||||||xx |||||||||||||| ||und|| | ||
| 040 | _cGE_BSU | ||
| 080 | _a575.1(06) | ||
| 245 | _aУспехи современной генетики | ||
| 245 | _cОтв.ред. Н.П.Дубинин.Ред.Н.С.Демин | ||
| 260 | _aМосква | ||
| 260 | _bНаука | ||
| 260 | _c1971 | ||
| 300 | _a301стр.27см. | ||
| 653 | _aУспехи современной генетики | ||
| 942 | _cBK | ||
| 999 |
_c45558 _d45558 |
||